GLAUSTAS HORTICULTURE 2.0 (Record no. 25845)

MARC details
000 -LEADER
fixed length control field 00327nam a22001457a 4500
003 - CONTROL NUMBER IDENTIFIER
control field SGT
020 ## - INTERNATIONAL STANDARD BOOK NUMBER
International Standard Book Number 97-81-9116197-9-6
082 ## - DEWEY DECIMAL CLASSIFICATION NUMBER
Classification number 635
Item number MUT
100 ## - MAIN ENTRY--PERSONAL NAME
Personal name MUTHUKUMAR, P.
245 ## - TITLE STATEMENT
Title GLAUSTAS HORTICULTURE 2.0
260 ## - PUBLICATION, DISTRIBUTION, ETC. (IMPRINT)
Place of publication, distribution, etc INDIA
Name of publisher, distributor, etc NEW VISHAL PUB.
Year of Publication 2024
300 ## - PAGE DESCRIPTION
No. of Pages 639
650 ## - SUBJECT ADDED ENTRY--TOPICAL TERM
Topical term or geographic name as entry element HORTICULTURE
942 ## - ADDED ENTRY ELEMENTS (KOHA)
Source of classification or shelving scheme Dewey Decimal Classification
Koha item type Books
942 ## - ADDED ENTRY ELEMENTS (KOHA)
-- 7
Holdings
Withdrawn status Lost status Source of classification or shelving scheme Damaged status Not for loan Home library Current library Shelving location Date acquired Vendor Name Cost, normal purchase price SGTU Bill Number Total Checkouts Full call number Accession No. (Barcode) Date last seen Date last borrowed Bill Date Koha item type
    Dewey Decimal Classification     SGT Science & Social Sciences Library SGT Science & Social Sciences Library Text Book 28/03/2024 BIRJWASI 1250.00 SGTU BW/000125 26 635 MUT AG2603 10/03/2026 06/03/2026   Books
    Dewey Decimal Classification   Not For Loan SGT Science & Social Sciences Library SGT Science & Social Sciences Library Reference Book 28/03/2024 BIRJWASI 1250.00 SGTU BW/000125   635 MUT AG2604 28/03/2024     Books